| 000 | 00515nam a2200205Ia 4500 | ||
|---|---|---|---|
| 003 | GCL | ||
| 005 | 20240530100310.0 | ||
| 008 | 140319s9999 xx 000 0 eng d | ||
| 040 |
_aGCL / _cGCL |
||
| 082 | 0 | 4 |
_a792.025 _bG C |
| 100 | 1 | _aGOVIER, JACQUIE | |
| 245 | 1 | 0 |
_aCREATE YOUR OWN STAGE PROPS / _cGOVIER, JACQUIE |
| 260 |
_a[S.N] : _bA AND C BLACK LIMITED ، _c1997 |
||
| 300 | _a192 P | ||
| 650 | 0 | 4 | _aARTS |
| 650 | 0 | 4 | _aTHEATER |
| 650 | 0 | 4 | _aSTAGE SETTING |
| 650 | 0 | 4 | _aSTAGE SCENERY |
| 942 |
_2ddc _cBK |
||
| 999 |
_c16209 _d16209 |
||